| 000 | 00854cam a2200241 4500 | ||
|---|---|---|---|
| 001 | J122638 | ||
| 008 | 030618n2003 000 0 eng u | ||
| 035 | _a(Sirsi) u122638 | ||
| 041 | _aeng | ||
| 050 |
_a690.8 _c18 |
||
| 100 | _aWier, John | ||
| 245 |
_aHousebuilding in the 21st century _h[videorecording] |
||
| 260 |
_aLondon _bRICS _c2003 |
||
| 490 | _aRICS Multimedia Presentations | ||
| 490 | _aRICS Regeneration Forum Lecture Series | ||
| 520 | _aA 45 minute video presentation by John Weir managing director of Haute Future, architects and advisors to the Peabody Trust, on future developments on house building. | ||
| 650 | _aHOUSE BUILDING | ||
| 650 | _aLOW COST HOUSING | ||
| 650 | _aSOCIAL HOUSING | ||
| 690 | _aHOUSING-DEVELOPMENT | ||
| 710 |
_aRoyal Institution of Chartered Surveyors _bRegeneration Forum _94468 |
||
| 942 | _n0 | ||
| 999 |
_c102892 _d102892 |
||